Impossible Math Quiz - Statistics

General Stats
  • This quiz has been taken 17 times
  • The average score is 24 of 46
Answer Stats
Question Answer % Correct
10 - 9 = ??? 1
100%
1 + 1 = ??? 2
100%
3 x 8 = ??? 24
100%
180 + 134 = ??? 314
93%
100 ÷ 10 = ??? 10
86%
13 x 13 169
86%
90 - 67 = ??? 23
86%
49 is ____ to 49 Equal
86%
3 is ____ than -3 Greater
86%
0 is ____ than 8 Less
86%
What is the value of π? (4 places rounded up after the decimal point) 3.1416
79%
872 - 289 = ??? 583
79%
Round 0.98013 to the nearest thousandth 0.980
71%
21 x 56 = ??? 1176
71%
Round 1.768 to the nearest hundredth 1.77
71%
24 x 18 432
71%
4 is ____ than 3 Greater
71%
What is the slope of y = 1/3x + 5 1/3
64%
What is the y-intercept of y = 5x - 3 -3
64%
What is 5% of 100? 5%
64%
What type of graph is this equation y = x² Quadratic
64%
Simplify this radical: 2 + √3x = 7 25/3
57%
8/10 x 5/7 = ??? 4/7
57%
Solve for x: 4x + 16 = 8 x = -2
57%
What type of angle is 105° Obtuse
50%
Solve for x: 8x + 24 = 2x - 8 x = -16/3
50%
What are 2 points on the graph of a slope of 5x and a y-intercept of 2 (0,2) & (1,7)
43%
Simplify this radical: √25ab² 5|b|√a
43%
Using Pythagorean Theorem find the hypotenuse. a = 9 b = 12 c = ??? 15
36%
How many Parallel sides does a Parallelogram have? 2
36%
How many Parallel sides does a Rectangle have 2
36%
Find the Missing angle of Triangle △ABC when angle b = 72 angle c = 30 angle a = ??? 78°
36%
What is the domain and range of f(x) = x² Domain: (-∞, ∞) Range: [0, ∞)
36%
Is this function even, odd, or neither f(x) = 4x² - 7 Even
36%
Choose the correct plots for this exponential function: 2³ (0,1) (1,2) (2,4) (3,8)
29%
cos(48°)cos(24°) - sin(48°)sin(24°) = ??? cos(72°)
29%
What is the Transformation shown in the function f(x) = x² (x + 4) - 3 Translation of 4 units to the left and 3 units down
29%
Whats the period of cot(4x - 2) + 3 π/4
21%
Is this function even, odd or neither? f(x) = 4x + 5 Neither
21%
What does tan(x) represent? sinx/cosx
21%
Whats the period of 2tan(x + 2) - 1 π
14%
What is sinx (√3/2) in the Unit circle π/3 , 2π/3
14%
Solve for sinx: 2sinx + √3 = ??? √3/2
7%
What is the opposite of function tan(x) tan^-1(x)
7%
Using law of cosines solve △DEF with d = 7 e = 11 angle f = 45° and f = ???. Solve for side f. f = 7.82
0%
Does this function have a solution? g(x) = 2x + 4y = 8 No
0%
No matching quizzes found
Score Distribution
Percent of People with Each Score
Percentile by Number Answered
Your Score History
You have not taken this quiz